KRT13, FAIM2, and CYP2W1 MRNA expressions in oral squamous cell carcinoma patients with risk habits /
Saved in:
| Main Author: | |
|---|---|
| Format: | Thesis Book |
| Language: | English |
| Published: |
2013
|
| Subjects: | |
| Tags: |
Add Tag
No Tags, Be the first to tag this record!
|
| LEADER | 00945cam a2200241 a 4500 | ||
|---|---|---|---|
| 001 | u891499 | ||
| 003 | SIRSI | ||
| 005 | 200907291647 | ||
| 008 | 090729s2012 my a m 000 0 eng | ||
| 040 | |a UMG | ||
| 096 | |a WU100 |b UM 2013 Firkh | ||
| 100 | 0 | |a Firstine Kelsi Hartanto | |
| 245 | 1 | 0 | |a KRT13, FAIM2, and CYP2W1 MRNA expressions in oral squamous cell carcinoma patients with risk habits / |c Firstine Kelsi Hartonto. |
| 260 | |c 2013 | ||
| 300 | |a xiii, 51 leaves : |b ill. (some col.) ; |c 30 cm. | ||
| 502 | |a Dissertation (M.Clin.Dent.) -- Jabatan Pembedahan Mulut dan Maksilofasial, Fakulti Pergigian, Universiti Malaya, 2013 | ||
| 504 | |a Bibliography: leaves 40-44. | ||
| 650 | 2 | |a Carcinoma, Squamous Cell. | |
| 650 | 2 | |a Mouth Neoplasma. | |
| 710 | 2 | 0 | |a Universiti Malaya. |b Jabatan Pembedahan Mulut dan Maksilofasial. |
| 900 | |a MFAA | ||
| 596 | |a 10 | ||
| 999 | |a WU100 UM 2013 FIRKH |w LC |c 1 |i A515303885 |l RESERVES |m P10PERGIGI |r Y |s Y |t TESIS |u 13/11/2013 | ||
